000 01282nam a2200325 a 4500
001 000000746
003 DO-SdBNP
005 20251210123949.0
008 090429s2002 sp 001 0 spa d
020 _a8449312221
020 _a9788449312229
035 _a(OCoLC)319640132
040 _aDO-SdBNP
_bspa
_cBNPHU
041 1 7 _aspa
_hfra
082 4 _a190
_bC739i
_222
100 1 _aComte-Sponville, André
_92543
240 1 0 _aPrésentations de la philosophie
245 1 0 _aInvitación a la filosofía /
_cAndré Comte-Sponville ; traducción del francés Vicente Gómez Ibáñez.
260 _aBarcelona :
_bPaidós,
_c2002.
300 _a200 p. ;
_c22 cm.
490 0 _aPaidós Contextos ;
_v74
504 _aBibliografía: p.165-200.
505 0 _tPrólogo --
_tLa moral --
_tLa política --
_tEl amor --
_tLa muerte --
_tEl conocimiento --
_tLa libertad --
_tDios --
_tEl ateísmo --
_tEl arte --
_tEl tiempo --
_tEl hombre --
_tLa sabiduría --
_tBibliografía --
_tBibliografía complementaria.
650 0 _aFilosofía moderna
_vEnsayos, conferencias, etc.
_ySiglo XX
_98156
650 4 _aEnsayos franceses
_92545
700 1 _aGómez Ibáñez, Vicente,
_etr.
_92546
830 1 _aPaidós Contextos ;
_v74
_92547
910 _aValidado. Control de calidad EMS
942 _2ddc
_cLBS1
999 _c742
_d742